Générique Kuzco, un empereur à l'école - Paroles - Statistiques

Statistiques générales
  • Ce quiz a été pris 13 fois
  • Le résultat moyen est 15 sur 26
Statistiques - réponses
Paroles % Correct
Il va monter sur le {trône}
100%
Mais doit aller à l'{école}
100%
Un apprenti {empereur}
100%
Apprendre les choses de la {vie}
92%
Il va connaître la {gloire}
92%
Pour entrer dans l'{histoire}
92%
Il a tout pour réussir sa {vie}
75%
K U Z C {O}
75%
K U Z C {O}
75%
Epelez encore mon {nom}
67%
Les amis, je croyais qu'on ne devait {parler} que de moi ?
67%
Il va à la Kuzco {Academy}
67%
A lire des tas de {bouquins}
58%
Il va à la Kuzco {Academy}
58%
Kuzco, {Kuzco} go go
58%
Kuzco, {Kuzco} go go
58%
Et une copine qui l'{aide}
50%
Vous voyez ? Il n'est question que de {moi}
50%
Il a le {look} c'est certain
42%
Il est trop {cool}
42%
Ils vont essayer de l'{arrêter}
25%
Des amis loyaux et {royaux}
17%
Oui, mais c'est un {cas}
17%
Pour déjouer les {complots}
17%
Oui c'est ça, {bravo}
8%
Pour le {détruire} c'est ça ?
8%
Aucun quiz correspondant
Distribution des résultats
% des personnes avec chaque résultat
Percentile par nombre de réponses
Votre historique - résultats
Vous n’avez pas pris ce quiz